ਪੰਜਾਬੀਅਤ: (Record no. 110570)

MARC details
000 -LEADER
fixed length control field 01008nam a22002537a 4500
005 - DATE AND TIME OF LATEST TRANSACTION
control field 20170123164154.0
010 ## - LIBRARY OF CONGRESS CONTROL NUMBER
LC control number A-827913
020 ## - INTERNATIONAL STANDARD BOOK NUMBER
International Standard Book Number 8173800200
035 ## - SYSTEM CONTROL NUMBER
System control number A-827913
037 ## - SOURCE OF ACQUISITION
Source of stock number/acquisition Cen Lib / Ret
040 ## - CATALOGING SOURCE
Original cataloging agency DPL
Language of cataloging PN
082 ## - DEWEY DECIMAL CLASSIFICATION NUMBER
Classification number 850.9
Item number ਧਨਵੰ
245 ## - TITLE STATEMENT
Title ਪੰਜਾਬੀਅਤ:
Statement of responsibility, etc ਸੰਪਾਦਕ ਧਨਵੰਤ ਕੌਰ
Remainder of title ਸੰਕਲਪ ਅਤੇ ਸਰੂਪ /
246 ## - VARYING FORM OF TITLE
Title proper/short title Punjabiat : sankalap aate sarup /
Remainder of title edited by Dhanwant Kaur
260 ## - PUBLICATION, DISTRIBUTION, ETC. (IMPRINT)
Place of publication, distribution, etc ਪਟਿਆਲਾ
Name of publisher, distributor, etc ਪਬਲੀਕੇਸ਼ਨ ਬਿਊਰੋ
Date of publication, distribution, etc 1993
270 ## - ADDRESS
Address ਪੰਜਾਬੀ ਯੂਨੀਵਰਸਿਟੀ
City ਪਟਿਆਲਾ
Postal code 160022
300 ## - PHYSICAL DESCRIPTION
Extent 162p.
Dimensions 21cm(pbk)
650 ## - SUBJECT ADDED ENTRY--TOPICAL TERM
Topical term or geographic name as entry element ਪੰਜਾਬੀ-- ਸਾਹਿਤ
9 (RLIN) 130277
650 ## - SUBJECT ADDED ENTRY--TOPICAL TERM
Topical term or geographic name as entry element ਪੰਜਾਬੀ-- ਕਹਾਣੀਆਂ
9 (RLIN) 130278
650 ## - SUBJECT ADDED ENTRY--TOPICAL TERM
Topical term or geographic name as entry element Punjabi-- Literature
9 (RLIN) 781
650 ## - SUBJECT ADDED ENTRY--TOPICAL TERM
Topical term or geographic name as entry element Punjabi Literature--Fiction
9 (RLIN) 9827
700 ## - ADDED ENTRY--PERSONAL NAME
Personal name ਧਨਵੰਤਕੌਰ
9 (RLIN) 130279
942 ## - ADDED ENTRY ELEMENTS (KOHA)
Source of classification or shelving scheme Dewey Decimal Classification
Koha item type Punjabi Bks
Classification part 850.9
Call number suffix ਧਨਵੰ
Holdings
Withdrawn status Lost status Damaged status Not for loan Home library Current library Date acquired Source of acquisition Cost, normal purchase price Total Checkouts Full call number Barcode Date last seen Copy number Cost, replacement price Price effective from Koha item type
        Central Library Central Library 04/02/2016 2016-02-04 0.00   850.9 ਧਨਵੰ A-827913 04/02/2016 1 0.00 04/02/2016 Punjabi Bks

© Delhi Public Library
Hit Counter
free hit counter